000 01039nam0a2200313 4500
001 RU\NLR\BIBL_A\022316392
005 20241024103444.0
010 _a978-5-6050535-8-3
_9300
021 _aRU
_bКН-П-24-043975
_9КН-П-24-4378
035 _a(NLR Aleph) 022316392
090 _a13256431
_c13256431
100 _a20240909d2024 u y0rusy50 ca
101 0 _arus
102 _aRU
105 _aac z 000gy
181 0 _ai3
_baxxe
181 0 _ab1
_bxb2e
182 0 _an
200 1 _aЯ люблю...
_eстихи
_fМаксим Прокофьев
203 _aТекст
_aИзображение
_bвизуальные
_cнепосредственные
210 _aАзов
_cАзовПринт
_d2024
215 _a143 с.
_cцв. ил., портр.
_d21
686 2 _aШ6(2=Р)8-5
700 1 _aПрокофьев
_bМ. В.
_gМаксим Владимирович
942 _cBOOK
980 _aNB